| 000 | 01101nam a22003377a 4500 | ||
|---|---|---|---|
| 003 | CHAP | ||
| 005 | 20220329134115.0 | ||
| 008 | 971013s1963 r 00010 d | ||
| 010 | _a15462 | ||
| 011 | _a16434 | ||
| 035 | _a20513 | ||
| 040 | _cCHAP | ||
| 090 | _aFolleto 8180 | ||
| 100 | 0 | 0 |
_aBernard, Jessie. _911923 |
| 245 | _aInformal communication among bioscientists | ||
| 260 |
_aWashington : _bGeorge Washington University, _c1963 |
||
| 300 | _a40 p. | ||
| 490 |
_aBiological science comunication project _v; 16-63 |
||
| 590 |
_aBATCH-UPD _b10 _c20130110 _lUCH01 _h0054 |
||
| 590 |
_aBATCH-UPD _b10 _c20130110 _lUCH01 _h1807 |
||
| 590 |
_aBATCH-UPD _b10 _c20130410 _lUCH01 _h1142 |
||
| 590 |
_aBATCH-UPD _b10 _c20130914 _lUCH01 _h0801 |
||
| 590 |
_aCONVERSION _b10 _c20130109 _lUCH01 _h1310 |
||
| 650 | 1 | 4 |
_aComunicación, teorÃa de la. _926242 |
| 700 | 0 |
_aShilling, Charles Wesley. _9105692 |
|
| 700 | 0 |
_aTyson, Joe W. _9115748 |
|
| 830 | 0 |
_aBiological science comunication project _v; 16-63 _912759 |
|
| 901 | _aBK | ||
| 942 | _cFOLL | ||
| 949 |
_aFolleto 8180 _bBC _cFOLL _d-47844 _eB _i20513 _si |
||
| 999 |
_c15462 _d15462 |
||